Ultimate Godzilla Kaiju Quiz - Statistics

General Stats
  • This quiz has been taken 464 times
  • The average score is 91 of 118
Answer Stats
Picture Answer % Correct
Burning Godzilla
99%
Godzilla 1954
99%
Godzilla 1955
99%
Godzilla 1962
99%
Godzilla 1964
99%
Godzilla 1966
99%
Godzilla 1967
99%
Godzilla 1969
99%
Godzilla 1973
99%
Godzilla 1975
99%
Godzilla 1984
99%
Godzilla 1989
99%
Godzilla 1993
99%
Godzilla 1999
99%
Godzilla 2001
99%
Godzilla 2002
99%
Godzilla 2003
99%
Godzilla 2004
99%
Godzilla 2014
99%
Godzilla 2019
99%
Godzilla 2021
99%
Godzilla Jr
99%
Little Godzilla
99%
Shin Godzilla Phase 1 Godzilla
99%
Shin Godzilla Phase 2 Godzilla
99%
Shin Godzilla Phase 3 Godzilla
99%
Space Godzilla
99%
Fairy Mothra
97%
Final Wars Mothra
97%
Heisei Mothra
97%
Legendary Mothra
97%
Millenium Mothra
97%
Showa Mothra
97%
King Kong 2017
96%
King Kong 2021
96%
Showa King Kong
96%
Final Wars Rodan
95%
Heisei Rodan
95%
Legendary Rodan
95%
Showa Rodan
95%
Anime King Ghidorah
93%
Heisei King Ghidorah
93%
Legendary King Ghidorah
93%
Mechagodzilla 2
93%
Mechagodzilla 2021
93%
Mecha King Ghidorah
93%
Millenium King Ghidorah
93%
Showa King Ghidorah
93%
Showa Mechagodzilla
93%
Anguirus 1955
89%
Anguirus 1972
89%
Final Wars Anguirus
89%
Final Wars Gigan
89%
Showa Gigan
89%
Biollante
85%
Female M.U.T.O
85%
Male M.U.T.O
85%
Queen M.U.T.O
85%
Rose Biollante
85%
Baby Zilla
84%
Cyber Zilla
84%
Minilla
84%
Zilla
84%
Jet Jaguar
83%
Final Wars Hedorah
79%
Showa Hedorah
79%
Skull Crawler
77%
Battra
76%
Final Wars Ebirah
76%
Keizer Ghidorah
76%
Showa Ebirah
76%
Megalon
75%
Monster X
72%
Final Wars Manda
71%
Godzilla Earth
71%
Showa Manda
71%
Behemoth
70%
Gorosaurus
69%
Titanosaurus
69%
Godzilla Minus One
68%
Millenium Baragon
68%
Showa Baragon
68%
Orga
67%
Final Wars Kumonga
66%
Kiryu
66%
Showa Kumonga
66%
Destoroyah
64%
Final Wars King Caesar
64%
Scylla
64%
Showa King Caesar
64%
Megaguirus
63%
Final Wars Kamacuras
61%
Godzillasaurus
61%
Showa Kamacuras
61%
Giant Octopus
60%
Varan
60%
Moguera
57%
Muto Prime
57%
Gabara
56%
Warbat
56%
Dorat
54%
Giant Condor
53%
Godzilla Ultima
49%
Shin Godzilla Phase 4
48%
Gigan Rex
46%
Methuselah
44%
Bagan
38%
Dagon
38%
Millennian
36%
Mechagodzilla City
35%
Meganulon
25%
Meganula
22%
Kameobas
20%
Shockirus
20%
Foetodon
19%
Salunga
19%
Servum
19%
Jet Jaguar Beta
17%
No matching quizzes found
Score Distribution
Percent of People with Each Score
Percentile by Number Answered
Your Score History
You have not taken this quiz